[Event "Dov Porath Memorial"]
[Site "Givataim"]
[Date "2000.09.??"]
[Round "5"]
[White "Dror, Chaim"]
[Black "Kobrin, Michael"]
[Result "0-1"]
[WhiteElo "2213"]
[BlackElo "2272"]
[PlyCount "54"]
[EventDate "2000.09.??"]
[EventType "swiss"]
[EventRounds "7"]
[EventCountry "ISR"]
[SourceTitle "EXT 2006"]
[Source "ChessBase"]
[SourceDate "2005.11.24"]
[SourceVersion "1"]
[SourceVersionDate "2005.11.24"]
[SourceQuality "1"]

1. e4 e5 2. Nf3 Nf6 3. Nxe5 d6 4. Nf3 Nxe4 5. d3 Nf6 6. d4 Be7 7. Bd3 0-0 8. 0-0 Bg4 9. Bf4 c6 10. c4 Na6 11. Nbd2 Nc7 12. Qb3 Qd7 13. Rae1 Ne6 14. Bg3 Nh5 15. Qc2 g6 16. Re3 Bf6 17. d5 cxd5 18. cxd5 Nef4 19. Bxf4 Nxf4 20. Ne4 Bg7 21. Bc4 b5 22. Bb3 Bxf3 23. Rxf3 Qg4 24. Ng3 h5 25. Qe4 Bh6 26. Re3 h4 27. Ne2 Rae8 0-1